| 000 | 00526nam a22001817a 4500 | ||
|---|---|---|---|
| 003 | CEME | ||
| 005 | 20210628203354.0 | ||
| 008 | 210121b xxu||||| |||| 00| 0 eng d | ||
| 020 | _a0-8311-3154-3 | ||
| 040 | _c. | ||
| 082 | _a658.202 LEV | ||
| 100 |
_aLevitt, Joel _965038 |
||
| 245 | _aComplete guide to preventive and predictive maintenance | ||
| 260 |
_aNEW YORK _bINDUSTRIAL PRESS _c2003 |
||
| 300 | _aXI,210 P | ||
| 650 |
_aPLANT MAINTENANCE. INDUSTRRIAL EQUIPMENT- MAINTENANCE AND REPAIR _965039 |
||
| 942 |
_cBK _2ddc |
||
| 999 |
_c573363 _d573363 |
||